000 00943nam a2200133Ia 4500
008 220620s9999||||xx |||||||||||||| ||und||
100 _aBailey, Roxanne||Bester, Susan||de Beer, Josef||Dudu, Washington T.||Golightly, Aubrey||Havenga, Marietjie||Jagals, Divan||Laubscher, Dorothy||Le Grange, Lesley||Mdakane, Marry||Mentz, Elsa||Olivier, Jako||Petersen, Neal||Potgieter, Erika||Sebotsa, Tswakae||Speight Vaughn, Melissa||van der Walt, Marthie||van der Westhuizen, Christo||van Wyk, Ben-Erik||White, Lounell
245 4 _aThe decolonisation of the curriculum project
_bThe affordances of indigenous knowledge for self-directed learning
546 _aEnglish[eng]
650 _aSelf-directed learning||decolonisation||indigenous knowledge||Cultural-Historical Activity Theory||curriculum||education||research
700 _ade Beer, Josef
856 _uhttps://library.oapen.org/bitstream/20.500.12657/37697/1/978-1-928523-18-5.pdf
942 _cEB
999 _c21615
_d21615